01113nam a2200277Ia 450000500170000000800410001702000180005805000260007610000320010224500650013425000180019926000430021730000180026033700100027833800140028833900140030250001670031650500210048365000370050470000300054170000360057194200070060795201020061495201020071699900170081820231102151229.0120630s 2001mx adb 000 0 spa d a9789706860453 aHF5415.13bC9518 2001 aCZINKOTA, Michael R.eautor00aAdministración de la mercadotecniac / Michael R. Czinkota a2a. edición aMéxicob : Cengage Learningc , 2001 a600 páginas atexto asin medio avolúmen aPlan Flexible Administración / Administracion De La Mercadotecnia (P01-1) / (19 000364) Contabilidad / Administracion De La Mercadotecnia (P01-1) / (19 000365) aIncluye índice aMercadotecnia - Administración aKOTABLE, Masaakiecoautor aManuel Ortiz Stainesetraductor cLB 00104070a19b19d2015-09-23l0oHF5415.13 C9518 2001p19 000364r2013-09-12t1w2013-09-12yLB 00104070a19b19d2015-09-23l0oHF5415.13 C9518 2001p19 000365r2013-09-12t2w2013-09-12yLB c78039d78039